000 00504 a2200169 4500
999 _c1432
_d1432
020 _a9781784480059
050 _aHB171.5 MIC 2015
100 _aMiddleditch, Paul (Compiler)
245 _aMicroeconomic and Macroeconomic principles
_cCompiled by Paul Middleditch and John Salter
250 _a2nd ed.
264 _aHarlow
_bPearson
_c2015
300 _a511p.,
_bcol. ill.
500 _amicroeconomics
650 _aMicroeconomics
650 _aMacroeconomics
942 _2lcc
_cBK
_e2nd ed.
_h171.5
_iMIC
_kHB